| 000 | 00914nam a2200265 a 4500 | ||
|---|---|---|---|
| 999 |
_c1342 _d1342 |
||
| 001 | 1567857 | ||
| 003 | CoMeUDC | ||
| 005 | 20210602124601.0 | ||
| 008 | 171124s2017 ck gr 00110 spa d | ||
| 020 | _a9789583511370 | ||
| 040 |
_aCO-UdeCO _bspa _cCO-UdeCO |
||
| 082 | 0 | 4 |
_a340.56 _bA284 |
| 100 |
_91635 _aAgurto Gonzáles, Carlos Antonio |
||
| 245 | 0 | 0 |
_aNuevas fronteras del derecho privado en América Latina / _cCarlos Antonio Agurto Gonzáles ; coordinador, Sonia Lidia Quequejana Mamani. |
| 260 |
_aBogotá : _bEditorial Temis, _c2017. |
||
| 300 |
_a386 p. ; _c23 cm. |
||
| 504 | _aIncluye bibliografía e índice. | ||
| 650 |
_aDerecho civil _z América Latina. |
||
| 650 | 4 |
_aResponsabilidad civil _z América Latina. |
|
| 650 | _aDerecho romano. | ||
| 650 | _aDerecho civil | ||
| 700 | 1 |
_aQuequejana Mamani, Sonia Lidia, _ecoordinadora. |
|
| 942 |
_2ddc _cBK |
||
| 949 |
_ac _bn |
||